Dielectric materials, measurements and applications : Seveth international conference. University of Bath, UK. 23.- 26. Sep. 1996
Gespeichert in:
| Format: | Buch |
|---|---|
| Sprache: | Englisch |
| Veröffentlicht: |
London :
Institution of Electrical Engineers,
1996
|
| Schriftenreihe: | Conference publication
430 |
| Schlagworte: | |
| Tags: |
Keine Tags, Fügen Sie das erste Tag hinzu!
|
MARC
| LEADER | 00000nam a22000003a 4500 | ||
|---|---|---|---|
| 001 | stu53357 | ||
| 005 | 20150408175959.5 | ||
| 008 | 000427s1996----uk------------------eng-d | ||
| 020 | |a 0-85296-670-9 | ||
| 040 | |a STU |b slo | ||
| 041 | 0 | |a eng | |
| 044 | |a uk | ||
| 080 | |a 621.315.61 | ||
| 080 | |a 621.317.3 | ||
| 080 | |a 061.3(08) | ||
| 084 | |a A0750 |2 INS | ||
| 084 | |a A7700 |2 INS | ||
| 084 | |a B2810 |2 INS | ||
| 084 | |a B7310K |2 INS | ||
| 245 | |a Dielectric materials, measurements and applications : |b Seveth international conference. University of Bath, UK. 23.- 26. Sep. 1996 | ||
| 260 | |a London : |b Institution of Electrical Engineers, |c 1996 | ||
| 300 | |a 397 s | ||
| 650 | 7 | |a dielektriká |2 stusub | |
| 650 | 7 | |a meranie dielektrických veličín |2 stusub | |
| 830 | 0 | |a Conference publication |v 430 | |
| 996 | |b EIEE-161 |c E*IEE-161 |l EE01 |s A |a 24 |w stu53357_0001 | ||